000 00323nam a2200133Ia 4500
008 191201s2010 xx 000 0 und d
100 _aCHOPRA,Deepak
245 0 _aThe Seven Spiritual Laws of Success
250 _a9th Rep
260 _aN. Delhi
_bHay House India
_c2010
300 _a96
650 _aBBA
942 _2ddc
_cBK
999 _c4472
_d4472